[Event "WchT Seniors 65"]
[Site "Struga"]
[Date "2023.09.28"]
[Round "9.1"]
[White "Quinn, John M"]
[Black "Varley, Peter"]
[Result "1/2-1/2"]
[WhiteElo "2077"]
[BlackElo "2174"]
[PlyCount "41"]
[EventDate "2023.09.19"]
[EventType "team-swiss"]
[EventRounds "9"]
[EventCountry "MKD"]
[SourceTitle "EXT 2024"]
[Source "ChessBase"]
[SourceDate "2023.10.10"]
[SourceVersion "1"]
[SourceVersionDate "2023.10.10"]
[SourceQuality "1"]
[WhiteTeam "England 65 II"]
[BlackTeam "Wales Silures 65"]
[WhiteTeamCountry "ENG"]
[BlackTeamCountry "WLS"]

1. d4 d5 2. c4 c6 3. Nf3 Nf6 4. e3 e6 5. b3 Nbd7 6. Bd3 Bd6 7. Bb2 b6 8. 0-0 0-0 9. Nbd2 Bb7 10. e4 dxe4 11. Nxe4 Nxe4 12. Bxe4 f5 13. Bc2 c5 14. Qe2 Qc7 15. Rfe1 Rae8 16. dxc5 Nxc5 17. Be5 Rd8 18. Bxd6 Rxd6 19. Rad1 Rxd1 20. Rxd1 Ne4 21. Qd3 1/2-1/2

[Event "WchT Seniors 65"]
[Site "Struga"]
[Date "2023.09.19"]
[Round "1.1"]
[White "Legky, Nikolay A"]
[Black "Varley, Peter"]
[Result "1/2-1/2"]
[WhiteElo "2357"]
[BlackElo "2174"]
[PlyCount "85"]
[EventDate "2023.09.19"]
[EventType "team-swiss"]
[EventRounds "9"]
[EventCountry "MKD"]
[SourceTitle "EXT 2024"]
[Source "ChessBase"]
[SourceDate "2023.10.10"]
[SourceVersion "1"]
[SourceVersionDate "2023.10.10"]
[SourceQuality "1"]
[WhiteTeam "France 65"]
[BlackTeam "Wales Silures 65"]
[WhiteTeamCountry "FRA"]
[BlackTeamCountry "WLS"]

1. Nf3 d5 2. d4 Nf6 3. Bg5 e6 4. c4 c6 5. e3 Be7 6. Nc3 0-0 7. Qc2 h6 8. Bh4 Ne4 9. Bxe7 Qxe7 10. Bd3 Nxc3 11. bxc3 Nd7 12. 0-0 dxc4 13. Bxc4 b6 14. e4 Bb7 15. Rfe1 Rac8 16. a4 a6 17. Qe2 b5 18. Bd3 e5 19. Qb2 Rfd8 20. Bf1 exd4 21. cxd4 Nb6 22. a5 Na4 23. Qc2 c5 24. d5 c4 25. Nd4 Qe5 26. Rad1 g6 27. Qd2 c3 28. Qxh6 c2 29. Rd3 Nc5 30. Rh3 Qg7 31. Qxg7+ Kxg7 32. Nxc2 Nxe4 33. Nb4 Nf6 34. Rd1 Rd6 35. Rhd3 Rc7 36. g3 Rc4 37. Rd4 Rc3 38. R4d3 Rc4 39. Rd4 Rc3 40. Ra1 Nd7 41. h4 Ne5 42. Be2 Rb3 43. Rad1 1/2-1/2

[Event "WLS-chT"]
[Site "Wales"]
[Date "2023.05.07"]
[Round "4"]
[White "Fathallah, Joe"]
[Black "Varley, Peter"]
[Result "1-0"]
[WhiteElo "2081"]
[BlackElo "2232"]
[PlyCount "67"]
[EventDate "2023.02.19"]
[EventType "team-tourn"]
[EventRounds "5"]
[EventCountry "WLS"]
[SourceTitle "EXT 2024"]
[Source "ChessBase"]
[SourceDate "2023.10.10"]
[SourceVersion "1"]
[SourceVersionDate "2023.10.10"]
[SourceQuality "1"]
[WhiteTeam "Cardiff"]
[BlackTeam "Newport"]
[WhiteTeamCountry "WLS"]
[BlackTeamCountry "WLS"]

1. d4 d5 2. c4 c6 3. Nc3 Nf6 4. Nf3 e6 5. e3 Nbd7 6. Bd3 dxc4 7. Bxc4 b5 8. Bd3 Bd6 9. e4 e5 10. d5 b4 11. dxc6 Nc5 12. Nb5 0-0 13. 0-0 Ba6 14. a4 bxa3 15. Rxa3 Bxb5 16. Bxb5 Qc7 17. Re1 Rab8 18. Bc4 Ncxe4 19. Rae3 Nxf2 20. Kxf2 Ng4+ 21. Kf1 Nxe3+ 22. Rxe3 Qxc6 23. b3 Rfd8 24. Qe2 Bc7 25. Ba3 Bd6 26. Bxd6 Rxd6 27. Nxe5 Rf6+ 28. Kg1 Qc7 29. Nxf7 Rxf7 30. Re7 Qc5+ 31. Kh1 Qc6 32. h3 g6 33. Rxa7 Kh8 34. Bxf7 1-0

[Event "Welsh Masters 1st"]
[Site "Bridgend"]
[Date "2019.08.28"]
[Round "5"]
[White "Varley, Peter"]
[Black "Taylor, Adam C"]
[Result "0-1"]
[WhiteElo "2171"]
[BlackElo "2402"]
[PlyCount "62"]
[EventDate "2019.08.26"]
[EventType "tourn"]
[EventRounds "9"]
[EventCountry "WLS"]
[EventCategory "1"]
[SourceTitle "EXT 2020"]
[Source "ChessBase"]
[SourceDate "2019.10.17"]
[SourceVersion "1"]
[SourceVersionDate "2019.10.17"]
[SourceQuality "1"]

1. d4 Nf6 2. c4 c5 3. d5 b5 4. cxb5 a6 5. bxa6 g6 6. Nc3 Bg7 7. g3 Qa5 8. Bd2 0-0 9. Bg2 d6 10. Nf3 Qb6 11. b3 Nxa6 12. 0-0 Nb4 13. Ng5 Bb7 14. e4 Ba6 15. Re1 Nd7 16. Na4 Qb7 17. Bc3 Ne5 18. Bf1 h6 19. Nh3 f5 20. Bxa6 Qxa6 21. exf5 Qa7 22. f4 Ned3 23. Bxg7 Kxg7 24. Re6 Rxf5 25. Qg4 Rf6 26. Nc3 c4+ 27. Kg2 Nc2 28. Qe2 Rxe6 29. Qxc2 Ne1+ 30. Rxe1 Rxe1 31. Ne4 Qxa2 0-1

[Event "South Wales op 11th"]
[Site "Cardiff"]
[Date "2014.08.30"]
[Round "9"]
[White "Varley, Peter"]
[Black "Hollan, Petr"]
[Result "1-0"]
[WhiteElo "2215"]
[BlackElo "2030"]
[PlyCount "113"]
[EventDate "2014.08.25"]
[EventType "swiss"]
[EventRounds "9"]
[EventCountry "WLS"]
[SourceTitle "CBM 162 Extra"]
[Source "ChessBase"]
[SourceDate "2014.10.17"]
[SourceVersion "1"]
[SourceVersionDate "2014.10.17"]
[SourceQuality "1"]

1. d4 d5 2. c4 e6 3. Nc3 Nf6 4. Bg5 Be7 5. cxd5 exd5 6. Qc2 c6 7. e3 0-0 8. Bd3 Nbd7 9. Nge2 Re8 10. 0-0 Nf8 11. f3 h6 12. Bh4 Ne6 13. Rae1 c5 14. Kh1 cxd4 15. Nxd4 Nxd4 16. exd4 Be6 17. Qb3 Qd6 18. Nb5 Qb6 19. Bg3 Rac8 20. Rc1 Rxc1 21. Rxc1 Rc8 22. Rxc8+ Bxc8 23. Qc3 Bd7 24. a4 a6 25. a5 Qc6 26. Qxc6 Bxc6 27. Nc3 Bb4 28. Bc7 Ne8 29. Bb6 Kf8 30. Bc5+ Bxc5 31. dxc5 Nc7 32. Ne2 Ne6 33. b4 g6 34. Kg1 Ke7 35. Kf2 f5 36. g3 Kf6 37. f4 Ba4 38. Ke3 Nc7 39. Nd4 Bd7 40. Bc2 g5 41. h4 g4 42. Bd3 h5 43. Bb1 Ne8 44. Bc2 Nc7 45. Bd3 Kg6 46. c6 bxc6 47. Nb3 Kf6 48. Nc5 Bc8 49. Kd4 Kf7 50. Ke5 Ke7 51. Bf1 d4 52. Bc4 Ne8 53. Kxd4 Nc7 54. Ke5 Nb5 55. Bxb5 cxb5 56. Nb3 Be6 57. Nd4 1-0

[Event "South Wales op 11th"]
[Site "Cardiff"]
[Date "2014.08.29"]
[Round "8"]
[White "Freeland, Alex"]
[Black "Varley, Peter"]
[Result "1-0"]
[WhiteElo "1823"]
[BlackElo "2215"]
[PlyCount "63"]
[EventDate "2014.08.25"]
[EventType "swiss"]
[EventRounds "9"]
[EventCountry "WLS"]
[SourceTitle "CBM 162 Extra"]
[Source "ChessBase"]
[SourceDate "2014.10.17"]
[SourceVersion "1"]
[SourceVersionDate "2014.10.17"]
[SourceQuality "1"]

1. e4 c5 2. Nf3 d6 3. d4 cxd4 4. Nxd4 Nf6 5. Nc3 Nc6 6. Bg5 e6 7. Qd2 Qb6 8. 0-0-0 a6 9. Be2 Bd7 10. f4 Nxd4 11. Qxd4 Qxd4 12. Rxd4 Bc6 13. Bf3 Nd7 14. Rhd1 h6 15. Bh4 e5 16. fxe5 g5 17. Bg3 dxe5 18. Rxd7 Bxd7 19. Bxe5 Rg8 20. Nd5 Bc5 21. Nf6+ Ke7 22. Rxd7+ Ke6 23. Bc3 Be3+ 24. Kb1 g4 25. Bxg4+ Rxg4 26. Nxg4 Kxd7 27. Nxe3 Re8 28. e5 Kc6 29. Kc1 b5 30. Nf5 Kd5 31. Nxh6 Rh8 32. e6 1-0

[Event "EU-chT (Men) 19th"]
[Site "Warsaw"]
[Date "2013.11.17"]
[Round "9.66"]
[White "Varley, Peter"]
[Black "Palo, Davor"]
[Result "0-1"]
[WhiteElo "2251"]
[BlackElo "2553"]
[PlyCount "86"]
[EventDate "2013.11.08"]
[EventType "team-swiss"]
[EventRounds "9"]
[EventCountry "POL"]
[SourceTitle "CBM 158"]
[Source "ChessBase"]
[SourceDate "2014.01.16"]
[SourceVersion "1"]
[SourceVersionDate "2014.01.16"]
[SourceQuality "1"]
[WhiteTeam "Wales"]
[BlackTeam "Denmark"]
[WhiteTeamCountry "WLS"]
[BlackTeamCountry "DEN"]

1. d4 Nf6 2. c4 e6 3. Nc3 Bb4 4. e3 0-0 5. Bd3 b6 6. Nge2 Bb7 7. 0-0 d5 8. cxd5 exd5 9. Ng3 Re8 10. Qa4 Bf8 11. b4 c6 12. Rb1 a5 13. b5 c5 14. dxc5 Bxc5 15. Nce2 Nbd7 16. Nd4 Ne5 17. Be2 Rc8 18. Bb2 g6 19. Rbd1 Qe7 20. Ba1 Ne4 21. Nxe4 dxe4 22. Qb3 Qg5 23. Nc6 Nxc6 24. bxc6 Bxc6 25. Bc4 Kf8 26. Qc3 f6 27. Qxf6+ Qxf6 28. Bxf6 Ba4 29. Rb1 Bc2 30. Rbc1 Bd3 31. Bxd3 exd3 32. Rcd1 Re6 33. Bg5 Rd6 34. Bf4 Rd7 35. f3 Bb4 36. Rf2 Rc2 37. Kf1 a4 38. e4 d2 39. a3 Bxa3 40. Bxd2 Ke8 41. Ke1 Bb2 42. Be3 Bc3+ 43. Bd2 a3 0-1

[Event "EU-chT (Men) 19th"]
[Site "Warsaw"]
[Date "2013.11.11"]
[Round "4.19"]
[White "Varley, Peter"]
[Black "Hauge, Lars Oskar"]
[Result "1/2-1/2"]
[WhiteElo "2251"]
[BlackElo "2301"]
[PlyCount "100"]
[EventDate "2013.11.08"]
[EventType "team-swiss"]
[EventRounds "9"]
[EventCountry "POL"]
[SourceTitle "CBM 158"]
[Source "ChessBase"]
[SourceDate "2014.01.16"]
[SourceVersion "1"]
[SourceVersionDate "2014.01.16"]
[SourceQuality "1"]
[WhiteTeam "Wales"]
[BlackTeam "Norway"]
[WhiteTeamCountry "WLS"]
[BlackTeamCountry "NOR"]

1. e4 c5 2. c3 d5 3. exd5 Qxd5 4. d4 Nc6 5. Nf3 Bf5 6. Be3 cxd4 7. Nxd4 Nxd4 8. Qxd4 Qxd4 9. Bxd4 f6 10. Be2 e5 11. Be3 Ne7 12. Bc4 Be4 13. 0-0 Nf5 14. Bb5+ Kf7 15. Bc1 Nh4 16. f3 Bc5+ 17. Kh1 Bd5 18. Nd2 Nf5 19. Nb3 Bb6 20. Bd3 Ne7 21. Re1 Rhd8 22. Bc2 Bc7 23. Be3 b6 24. Rad1 g6 25. Kg1 a5 26. a4 Bc6 27. Nd2 Nf5 28. Bf2 Nd6 29. Bb3+ Ke7 30. Nf1 Nf5 31. Ne3 Nxe3 32. Bxe3 Rxd1 33. Rxd1 Rb8 34. Rd2 Bd6 35. Kf2 Kd7 36. h4 Kc7 37. Ke1 f5 38. Bf2 Rd8 39. Bc2 Rb8 40. Bb3 Be7 41. Bg3 Bf6 42. Re2 Re8 43. Bc2 Kb7 44. Rd2 e4 45. fxe4 Bxe4 46. Re2 Bc6 47. Rxe8 Bxe8 48. Bf2 Bc6 49. g3 Bf3 50. Kd2 Kc6 1/2-1/2

[Event "Valencia-chT Honor"]
[Site "Valencia"]
[Date "2009.02.07"]
[Round "5.3"]
[White "Valmana Canto, Jaime"]
[Black "Varley, Peter"]
[Result "1-0"]
[WhiteElo "2343"]
[BlackElo "2259"]
[PlyCount "53"]
[EventDate "2009.01.10"]
[EventType "team"]
[EventRounds "5"]
[EventCountry "ESP"]
[SourceTitle "EXT 2010"]
[Source "ChessBase"]
[SourceDate "2010.11.25"]
[SourceVersion "1"]
[SourceVersionDate "2010.11.25"]
[SourceQuality "1"]
[WhiteTeam "Silla"]
[BlackTeam "Castellon"]
[WhiteTeamCountry "ESP"]
[BlackTeamCountry "ESP"]

1. e4 c6 2. d4 d5 3. e5 h5 4. Bd3 Bg4 5. f3 Be6 6. Ne2 Qd7 7. Nf4 Bf5 8. 0-0 g6 9. Bxf5 Qxf5 10. e6 Bh6 11. exf7+ Qxf7 12. Nd3 Nd7 13. Re1 0-0-0 14. Nd2 Re8 15. Nb3 Bxc1 16. Qxc1 Nh6 17. Qd2 Nf5 18. Qa5 Kb8 19. Qb4 Qf6 20. Ne5 Nxe5 21. Nc5 b6 22. Rxe5 Qh4 23. c3 Qf4 24. Rae1 Nh4 25. Na6+ Kb7 26. Qa4 Rh7 27. Nb4 1-0

[Event "Valencia-chT Honor"]
[Site "Valencia"]
[Date "2009.01.31"]
[Round "4.3"]
[White "Varley, Peter"]
[Black "Plaza Pardo, Daniel"]
[Result "1/2-1/2"]
[WhiteElo "2259"]
[BlackElo "2205"]
[PlyCount "103"]
[EventDate "2009.01.10"]
[EventType "team"]
[EventRounds "5"]
[EventCountry "ESP"]
[SourceTitle "EXT 2010"]
[Source "ChessBase"]
[SourceDate "2010.11.25"]
[SourceVersion "1"]
[SourceVersionDate "2010.11.25"]
[SourceQuality "1"]
[WhiteTeam "Castellon"]
[BlackTeam "Ateneo Maritimo"]
[WhiteTeamCountry "ESP"]
[BlackTeamCountry "ESP"]

1. d4 Nf6 2. c4 c5 3. d5 e6 4. Nc3 exd5 5. cxd5 d6 6. e4 g6 7. f4 Bg7 8. Bb5+ Nfd7 9. a4 0-0 10. Nf3 Na6 11. 0-0 Nb4 12. Re1 a6 13. Bf1 Re8 14. h3 b6 15. Bc4 Bb7 16. Ra3 Rc8 17. Ng5 Bd4+ 18. Kh1 Nf6 19. Bf1 Qe7 20. Bd2 Qf8 21. Nf3 Bf2 22. Re2 Bg3 23. e5 dxe5 24. fxe5 Nfxd5 25. Ne4 Bf4 26. Bxf4 Nxf4 27. Nf6+ Kh8 28. Nxe8 Nxe2 29. Nd6 Ng3+ 30. Kg1 Rc7 31. Ng5 Nxf1 32. Qxf1 Bd5 33. Qf6+ Kg8 34. Rg3 Qe7 35. Qf4 Nc6 36. Rd3 Nd4 37. Re3 Ne6 38. Nxe6 Qxe6 39. Qg5 Re7 40. Nc8 Rd7 41. Rd3 h6 42. Qxh6 Qxe5 43. Qh4 Qc7 44. Rxd5 Qxc8 45. Qg4 Rc7 46. Qd1 Qe6 47. Rd6 Qe3+ 48. Kh1 c4 49. Rxg6+ fxg6 50. Qd8+ Kh7 51. Qxc7+ Kh6 52. Qxc4 1/2-1/2

[Event "Mislata op 16th"]
[Site "Mislata"]
[Date "2008.08.27"]
[Round "4"]
[White "Varley, Peter"]
[Black "Coves Tomas, Bernardo"]
[Result "1/2-1/2"]
[WhiteElo "2254"]
[BlackElo "1942"]
[PlyCount "63"]
[EventDate "2008.08.25"]
[EventType "swiss"]
[EventRounds "9"]
[EventCountry "ESP"]
[SourceTitle "CBM 126 Extra"]
[Source "ChessBase"]
[SourceDate "2008.11.05"]
[SourceVersion "1"]
[SourceVersionDate "2008.11.05"]
[SourceQuality "1"]

1. d4 d5 2. c4 c6 3. e3 Nf6 4. Nc3 e6 5. Nf3 Bd6 6. Bd3 dxc4 7. Bxc4 b5 8. Bd3 b4 9. Na4 Ba6 10. e4 Bxd3 11. Qxd3 Be7 12. 0-0 Qa5 13. b3 Qb5 14. Qc2 Nbd7 15. Bb2 0-0 16. Rac1 Rac8 17. Nc5 Nxc5 18. dxc5 Rfd8 19. Nd4 Qb8 20. Qe2 Qf4 21. f3 Nd7 22. Kh1 Bxc5 23. Rc4 Bxd4 24. Bxd4 c5 25. Be3 Qf6 26. Rd1 h6 27. h3 Qe7 28. Qc2 a5 29. Bxc5 Nxc5 30. Rxd8+ Qxd8 31. Rxc5 Rxc5 32. Qxc5 1/2-1/2